000 00613nam a22001457a 4500
020 _a978-93-5009-574-4
082 _a823
_bSRI/A
100 _aSRINIVASAN,RAGHU
245 _aTHE AVATARI
260 _aINDIA
_bHACHETTE
300 _a500
520 _aIt is the story of Henry Ashton, a retired British Army officer, who is pulled into a search for “hidden treasure” upon a request from a monk from a Laotian monastery. They are after an ancient secret, one which is said to be safeguarded at the legendary Shambhala, a sacred mountain supposed to be in Tibet.
650 _aENGLISH NOVEL
_zINDIA
942 _cBK
999 _c3275
_d3275